Excellence in the organization [

Bibliographic Details
Main Author: Peters, Tom
Other Authors: TOWNSEND, Robert
Format: Book
Published: Illinois : Nightingale-Conant , 19_.
Subjects:

MARC

LEADER 00000cam a2200000 7i4500
001 0000000056
002 000000068
005 20021022.0
020 |a 1555252265 
090 0 0 |a 658   |b PET 
100 1 |a Peters, Tom 
245 1 0 |a Excellence in the organization [  |h sound recording]   |c Tom Peters and Robert Townsend 
260 |a Illinois :   |b Nightingale-Conant ,   |c 19_. 
300 |a 1 sound cassette (60:00 minutes) 
650 0 0 |a Excellence 
700 1 |a TOWNSEND, Robert 
999 |a 00/123   |b KASET DAN BUKU PANDUAN   |c RUJUKAN   |e PERPUSTAKAAN KOMUNITI CAW BANDAR UTAMA 
999 |a 12345678   |b BUKU   |c PINJAMAN   |e PERPUSTAKAAN KOMUNITI PETALING JAYA 
999 |a 12345679   |b BUKU DAN PUZZLE   |c KOLEKSI NADIR   |e PERPUSTAKAAN KOMUNITI CAW BANDAR UTAMA 
999 |a KT0009   |b KASET   |c RUJUKAN   |e PERPUSTAKAAN KOMUNITI PETALING JAYA